Slovinský veľký tresk

Slovinsko 1. januára 2007 prešlo od toliara na euro. Prechod bol pomerne hladký, Slovinsko sa na prechod pripravovalo niekoľko rokov. Čo prinieslo zavedenie eura bankám a spotrebiteľom. Ako prijali euro podnikatelia a spotrebitelia. Pri príprave na zavedenie eura predstavitelia Slovinska, okrem inéh...

Descripción completa

Guardado en:
Detalles Bibliográficos
Autor principal: Brondošová, Jana
Otros Autores: Mravcová, Jana
Formato: Capítulo de libro
Lenguaje:eslovaco
Materias:
Etiquetas: Agregar Etiqueta
Sin Etiquetas, Sea el primero en etiquetar este registro!

MARC

LEADER 00000naa$a2200000$$$4500
001 0052437
005 20231009072902.2
041 0 |a slo 
044 |a SK 
245 1 0 |a Slovinský veľký tresk  |c Jana Brondošová, Jana Mravcová 
520 |a Slovinsko 1. januára 2007 prešlo od toliara na euro. Prechod bol pomerne hladký, Slovinsko sa na prechod pripravovalo niekoľko rokov. Čo prinieslo zavedenie eura bankám a spotrebiteľom. Ako prijali euro podnikatelia a spotrebitelia. Pri príprave na zavedenie eura predstavitelia Slovinska, okrem iného, sa snažili zabrániť neúmernému zvyšovaniu cien. Firmy v Slovinsku si museli pomôcť samy, organizačne aj finančne. Úpravy informačného systému. 
610 2 0 |a euro 
610 2 0 |a euromena 
610 2 0 |a spotrebitelia 
610 2 0 |a podnikatelia 
610 2 0 |a banky 
610 2 0 |a firmy 
610 2 0 |a systémy informačné 
610 2 0 |a Slovinsko 
100 1 |a Brondošová, Jana 
700 1 |a Mravcová, Jana